<?xml version="1.0" encoding="UTF-8"?><?xml-stylesheet type="text/xsl" href="static/style.xsl"?><OAI-PMH xmlns="http://www.openarchives.org/OAI/2.0/" xmlns:xsi="http://www.w3.org/2001/XMLSchema-instance" xsi:schemaLocation="http://www.openarchives.org/OAI/2.0/ http://www.openarchives.org/OAI/2.0/OAI-PMH.xsd"><responseDate>2026-04-17T04:23:51Z</responseDate><request verb="GetRecord" identifier="oai:www.recercat.cat:2072/449229" metadataPrefix="marc">https://recercat.cat/oai/request</request><GetRecord><record><header><identifier>oai:recercat.cat:2072/449229</identifier><datestamp>2024-10-29T16:06:16Z</datestamp><setSpec>com_2072_98</setSpec><setSpec>col_2072_378194</setSpec></header><metadata><record xmlns="http://www.loc.gov/MARC21/slim" xmlns:dcterms="http://purl.org/dc/terms/" xmlns:xsi="http://www.w3.org/2001/XMLSchema-instance" xmlns:doc="http://www.lyncode.com/xoai" xsi:schemaLocation="http://www.loc.gov/MARC21/slim http://www.loc.gov/standards/marcxml/schema/MARC21slim.xsd">
   <leader>00925njm 22002777a 4500</leader>
   <datafield ind2=" " ind1=" " tag="042">
      <subfield code="a">dc</subfield>
   </datafield>
   <datafield ind2=" " ind1=" " tag="720">
      <subfield code="a">Kurahashi, Setsuya</subfield>
      <subfield code="e">author</subfield>
   </datafield>
   <datafield ind2=" " ind1=" " tag="720">
      <subfield code="a">Kuiyoshi, Keisuke</subfield>
      <subfield code="e">author</subfield>
   </datafield>
   <datafield ind2=" " ind1=" " tag="260">
      <subfield code="c">2014</subfield>
   </datafield>
   <datafield ind2=" " ind1=" " tag="520">
      <subfield code="a">In this research, a teaching simulation model is built where the understanding status, knowledge structure, and collaborative effect of each learner are integrated by using a doubly structural network model. The purpose of the model is to analyse the actual conditions of understanding of learners regarding instructions given in classrooms. The influence of teaching strategies on learning effects is analysed in the model. Moreover, the influence of the seating arrangement of learners on collaborative learning effects and ability groups are discussed. As a result of the simulation, the following points were found: (1) the learning effects depend on the difference in teaching strategies, (2) a teaching strategy where learning skills, material structure, and collaborative learning are integrated is the most effective, (3) the seating arrangement affects collaborative learning, and (4) ability groups have adverse effects on learners in collaborative learning.</subfield>
   </datafield>
   <datafield tag="653" ind2=" " ind1=" ">
      <subfield code="a">Teaching simulation model</subfield>
   </datafield>
   <datafield tag="653" ind2=" " ind1=" ">
      <subfield code="a">Computational social science</subfield>
   </datafield>
   <datafield tag="653" ind2=" " ind1=" ">
      <subfield code="a">Social simulation</subfield>
   </datafield>
   <datafield ind2="0" ind1="0" tag="245">
      <subfield code="a">Teaching simulation on collaborative learning, ability groups and mixed-ability groups</subfield>
   </datafield>
</record></metadata></record></GetRecord></OAI-PMH>